Normal view MARC view

Entry Personal Name

Number of records used in: 2

001 - CONTROL NUMBER

  • control field: 50064

003 - CONTROL NUMBER IDENTIFIER

  • control field: dpl

005 - DATE AND TIME OF LATEST TRANSACTION

  • control field: 20120711141939.0

008 - FIXED-LENGTH DATA ELEMENTS

  • fixed length control field: 120711|||a|||||| | ||| d

040 ## - CATALOGING SOURCE

  • Original cataloging agency: dpl
  • Transcribing agency: dpl

100 ## - HEADING--PERSONAL NAME

  • Personal name: Sinha, Biswajit

670 ## - SOURCE DATA FOUND

  • Source citation: Work cat.: (dpl)42386: Sinha, Biswajit, Rabindranath Tagore and fifty years of sahitya akademi /, 2006

670 ## - SOURCE DATA FOUND

  • Source citation: Work cat.: (dpl)42386: Sinha, Biswajit, Rabindranath Tagore and fifty years of sahitya akademi /, 2006

© Delhi Public Library
Hit Counter
free hit counter